000 00735nam a2200253Ia 4500
003 OSt
005 20220926024453.0
006 a|||||r|||| 00| 0
007 ta
008 220923b |||||||| |||| 00| 0 eng d
020 _a1859736483
037 _cGeneral Book
040 _aRTL
_cRTL
_beng
041 _2eng
_aeng
082 _aY33:6.730a3.N, P3
100 _aCLAPSON Mark
_9330804
245 0 _aSuburban century
_b Social change and urban growth in England and the United States
260 _aOxford
_bBERG
_c2003
300 _aix, 235p
_ccm.
500 _aBibliography P 199-236
650 _aSociology
942 _hY33:6.730a3.N, P3
_cGB
_2CC
999 _c644354
_d644354